| 000 | 01049nam a22003017a 4500 | ||
|---|---|---|---|
| 003 | CHAP | ||
| 005 | 20220329140732.0 | ||
| 008 | 971013s1970 r 00010 d | ||
| 010 | _a56765 | ||
| 011 | _a57737 | ||
| 035 | _a61892 | ||
| 040 | _cCHAP | ||
| 082 |
_a704.9493 _bS6 |
||
| 110 |
_aSociedad Mexicana de Geografía y Estadística _9108090 |
||
| 245 | _aEstudios sociológicos y sobre sociología del arte | ||
| 260 |
_aMéxico, D.F. : _bAsociación Mexicana de Sociología, _c1970 |
||
| 300 | _a2v | ||
| 590 |
_aBATCH-UPD _b10 _c20130110 _lUCH01 _h0625 |
||
| 590 |
_aBATCH-UPD _b10 _c20130410 _lUCH01 _h0308 |
||
| 590 |
_aBATCH-UPD _b10 _c20130914 _lUCH01 _h0412 |
||
| 590 |
_aCONVERSION _b10 _c20130109 _lUCH01 _h1330 |
||
| 650 | 1 | 4 |
_aArte y sociedad. _97706 |
| 711 | 0 |
_aCongreso Nacional de Sociología (17 : 1968 : México, D.F.) _927103 |
|
| 901 | _aBK | ||
| 942 | _cLIBRO | ||
| 949 |
_a704.9493 S6 _bBC _cLIBRO _d33724000108643 _eLIBRO _fv.1 _h29531 _i61892 _si |
||
| 949 |
_a704.9493 S6 _bBC _cLIBRO _d33724002056173 _eLIBRO _fv.2 _h29532 _i61892 _si |
||
| 999 |
_c56765 _d56765 |
||